| 000 | 00412cam a2200169ua 4500 | ||
|---|---|---|---|
| 020 | _c7.50 | ||
| 041 |
_ahin _h |
||
| 082 |
_a891.43 _bBAG/SA |
||
| 100 | _aBagavathichan, Varma . | ||
| 245 |
_aSamasya our seema / _cVarma Bagavathichan. _hTextual Documents |
||
| 260 |
_aDelhi : _bRajkamal Prakash , _c1962. |
||
| 300 | _a268 ; . | ||
| 365 | _a7.50 | ||
| 504 | _a | ||
| 942 | _cBK | ||
| 999 |
_c3700 _d3700 |
||